000 01061nam a2200217Ia 4500
003 Ost
005 20260507075022.0
008 260507s9999||||xx |||||||||||||| ||und||
040 _cfsecg
041 _aara
082 _a330
100 _aعبد الباقي، صلاح الدين محمد
_eمؤلف
245 0 _aإدارة المشتريات والمخازن من الناحية العلمية والعملية /
_c صلاح الدين محمد عبد الباقي
260 _aالإسكندرية:
_bالدار الجامعية,
_c2001
300 _a424 صفحة؛
_bإيضاحات ؛
_c25 سم
520 _aإدارة المشتريات -إدارة المخازن والمخزون -أهمية إدارة المواد والمشتريات- إدارة المخازن والمخزون- تخطيط المخزون- مراقبة المخزون من الأصناف - تكدس المخزون
653 _aإدارة المشتريات
653 _aالمخازن
700 _aحنفي، عبد الغفار
_eمؤلف ثانوي
942 _cكتاب
999 _c42284
_d42284